[Event "18th Reykjavik op"]
[Site "Reykjavik ISL"]
[Date "1998.03.17"]
[Round "8.19"]
[White "Richardson, John"]
[Black "Halldorsson, Bragi"]
[Result "1-0"]
[WhiteElo "2315"]
[BlackElo "2285"]
[EventDate "1998.03.10"]
[PlyCount "51"]

1.c4 c6 2.e4 d5 3.exd5 cxd5 4.d4 Nf6 5.Nc3 e6 6.Nf3 Be7 7.cxd5 Nxd5 8.Bd3 
Nc6 9.O-O Bf6 10.Ne4 Bxd4 11.Nxd4 Nxd4 12.Qh5 Nf6 13.Nxf6+ Qxf6 14.Bg5 Qe5
15.Rfe1 Qc5 16.Rac1 Qf8 17.Rc7 Bd7 18.Rxb7 Qd6 19.Qg4 h5 20.Qh4 Nf3+ 21.
gxf3 Qxd3 22.Qb4 f6 23.Rxe6+ Kf7 24.Re7+ Kg6 25.Rbxd7 Qb1+ 26.Kg2 1-0

[Event "18th Reykjavik op"]
[Site "Reykjavik ISL"]
[Date "1998.03.17"]
[Round "8.20"]
[White "Bradbury, Neil"]
[Black "Thorfinnsson, Bjoern"]
[Result "1-0"]
[WhiteElo "2360"]
[BlackElo "2100"]
[EventDate "1998.03.10"]
[PlyCount "97"]

1.d4 Nf6 2.c4 e6 3.Nf3 b6 4.a3 Bb7 5.Nc3 d5 6.cxd5 Nxd5 7.e3 Be7 8.Bb5+ c6
9.Bd3 O-O 10.O-O Nd7 11.e4 Nxc3 12.bxc3 Qc7 13.Qe2 e5 14.a4 Rae8 15.Rd1 
Bd6 16.h3 h6 17.Be3 c5 18.d5 f5 19.Bb5 f4 20.Bd2 Re7 21.a5 g5 22.axb6 axb6
23.Ra7 Nf6 24.c4 Qc8 25.Bc3 Rff7 26.Qb2 Nxe4 27.Bxe5 Qb8 28.Bxd6 Nxd6 29.
Raa1 Qf8 30.Re1 Qg7 31.Qc2 Rxe1+ 32.Rxe1 Re7 33.Re6 Rxe6 34.dxe6 Qe7 35.
Qe2 Bxf3 36.gxf3 Nf5 37.Bc6 Qd6 38.Bd5 Ne7 39.Qe4 b5 40.Kg2 b4 41.Qc2 Qe5 
42.Qa4 Kg7 43.Qa7 Kf6 44.Qxc5 b3 45.Qb5 {[%cal Rb5b3,Yb5e8,Ye8f7]  
Tactics.  Taktik} 45...Nxd5 46.cxd5 b2 47.Qb7 {The following trick only 
momentarily saves Black. Since the White king is unassailable, the e-pawn 
immediately decides. Der folgende Trick rettet Schwarz nur voruebergehend.
Da der wei@bergehend. e K@@bergehend. nig unangreifbar ist, entscheidet 
der e-Bauer sofort.} 47...Qxd5 48.Qxd5 b1=Q 49.Qd7 1-0

[Event "18th Reykjavik op"]
[Site "Reykjavik ISL"]
[Date "1998.03.17"]
[Round "8.21"]
[White "Edvardsson, Kristjan"]
[Black "Dewenter, Ulf"]
[Result "1/2-1/2"]
[WhiteElo "2205"]
[BlackElo "2245"]
[EventDate "1998.03.10"]
[PlyCount "81"]

1.d4 Nf6 2.c4 c5 3.d5 e5 4.Nc3 d6 5.e4 Be7 6.Bd3 O-O 7.h3 Na6 8.Nf3 Nc7 9.
Qe2 a6 10.a4 b6 11.g4 Rb8 12.g5 Nfe8 13.h4 Bg4 14.Rg1 Bh5 15.Qe3 Kh8 16.
Nh2 Qd7 17.Nf1 g6 18.Ng3 Ng7 19.Be2 Bxe2 20.Qxe2 f5 21.gxf6 Rxf6 22.Bh6 
Rf7 23.h5 g5 24.O-O-O b5 25.axb5 axb5 26.cxb5 Nxb5 27.Nxb5 Rxb5 28.Bxg7+ 
Rxg7 29.Nf5 Rf7 30.Nxe7 Rxe7 31.Rxg5 Rb8 32.Qa6 Qd8 33.Rdg1 Qc7 34.h6 c4 
35.R1g3 Qc5 36.Rf5 Qd4 37.Qb5 Ra8 38.Ra3 Rg8 39.Rg3 Ra8 40.Ra3 Rg8 41.Rg3 
1/2-1/2

[Event "18th Reykjavik op"]
[Site "Reykjavik ISL"]
[Date "1998.03.17"]
[Round "8.22"]
[White "Halldorsson, Jon Arni"]
[Black "Gunnarsson, Arinbjorn"]
[Result "1/2-1/2"]
[WhiteElo "2185"]
[BlackElo "2240"]
[EventDate "1998.03.10"]
[PlyCount "71"]

1.d4 c5 2.d5 Nf6 3.Nf3 b5 4.Bg5 Bb7 5.Bxf6 gxf6 6.e4 a6 7.a4 Qb6 8.axb5 
axb5 9.Rxa8 Bxa8 10.Na3 b4 11.Nc4 Qc7 12.Bd3 Bb7 13.O-O e6 14.Qe2 Kd8 15.
Re1 d6 16.Nh4 h5 17.dxe6 fxe6 18.Ng6 Rg8 19.Nxf8 Rxf8 20.Qxh5 Qe7 21.c3 
Nc6 22.Bf1 Kc7 23.Rd1 Rd8 24.Ne3 Ra8 25.Nc4 Rd8 26.g3 d5 27.exd5 exd5 28.
Ne3 Ne5 29.Bg2 d4 30.Nf5 Qe6 31.Bxb7 Kxb7 32.cxd4 cxd4 33.Rxd4 Rxd4 34.
Nxd4 Qd5 35.Qh7+ Ka6 36.Nc2 1/2-1/2

[Event "18th Reykjavik op"]
[Site "Reykjavik ISL"]
[Date "1998.03.17"]
[Round "8.23"]
[White "Finnlaugsson, Gunnar"]
[Black "Bjornsson, Sigurbjorn"]
[Result "1-0"]
[WhiteElo "2215"]
[BlackElo "2210"]
[EventDate "1998.03.10"]
[PlyCount "63"]

1.e4 d6 2.d4 Nf6 3.Nc3 g6 4.Nf3 Bg7 5.Be2 O-O 6.h3 a6 7.Bf4 ( 7.O-O Nc6 ( 
7...b5 8.e5 dxe5 9.dxe5 Nfd7 10.Bf4 Nc5 11.Qxd8 Rxd8 12.Rfd1 Rxd1+ 13.Rxd1
Nc6 14.Nd5 $142 $14 ( 14.Ng5 {E-E Suba,M-Berebora,F/Benasque op 1997 (54)}
) ) 8.Be3 e5 9.d5 Ne7 10.Ne1 Nd7 11.g4 f5 12.f3 Kh8 13.Bd3 Nf6 14.Ne2 Qd7 
15.Ng2 f4 16.Bd2 h5 17.g5 Qxh3 18.gxf6 Bxf6 $13 {0-1 Maric,R-Hoi,C/Bad 
Woerishofen op 1989 (39)} ) ( {More logical is} 7.a4 b6 8.O-O Bb7 9.d5 ( 
9.Bd3 e6 10.Bg5 h6 11.Bf4 g5 12.Bg3 c5 13.dxc5 bxc5 14.e5 dxe5 15.Nxe5 $14
{Neumann,J-Engelbert,C/OLNN9697 1997/E-E (63)} ) ( 9.Qd3 Nc6 10.Bg5 h6 11.
Be3 e5 12.d5 Ne7 13.Nd2 Nh5 14.Bxh5 gxh5 15.Rfe1 Qd7 16.Nf1 f5 17.exf5 
Qxf5 18.Qc4 Rac8 19.Ng3 Qf7 20.Rad1 c6 21.Qb4 cxd5 22.Qxd6 h4 {0-1 
Kistella,R-Van der Wiel,J/BL9697 1996} ) 9...c6 10.Bg5 ( 10.Be3 cxd5 11.
exd5 Nbd7 12.Bc4 Rc8 13.Qe2 b5 14.axb5 axb5 15.Ra7 bxc4 16.Rxb7 Rb8 17.
Rxb8 Qxb8 18.Bc1 Nb6 19.Rd1 Qb7 20.Nh2 Rc8 $15 {[%csl Rd5] 0-1 
Niering,M-Korsunsky,Y/Meisdorf op 1996 (40)} ) 10...cxd5 11.exd5 Nbd7 12.
Bc4 Rc8 13.Qe2 h6 14.Bh4 b5 15.axb5 axb5 16.Bxb5 g5 17.Bg3 Nxd5 18.Nxd5 
Bxd5 19.Ra7 Nb6 20.Qxe7 Qxe7 21.Rxe7 Rxc2 22.b4 Rb2 23.Bxd6 Nc8 24.Rd7 {
E-E Kushch,N-Finkel,A/EUCup Gr5 1995} ) 7...b5 {[%cal Gb5b4]} 8.e5 Nfd7 9.
a4 ( 9.O-O $5 ) 9...b4 10.Nd5 Nc6 11.exd6 cxd6 12.Qd2 ( 12.O-O Bb7 $5 ( 
12...e6 13.Ne3 ( 13.Nxb4 Nxb4 14.Bxd6 Nc6 15.Bxf8 Nxf8 16.c3 $13 ) 13...e5
14.Bg5 ) ) 12...Qa5 13.Ne3 e5 14.dxe5 ( 14.Nc4 $5 Qd5 ( 14...Qc7 15.Bg3 ( 
15.dxe5 dxe5 16.Bg3 ) ) ( 14...Qd8 15.Bg5 $1 ) 15.dxe5 Qxd2+ 16.Bxd2 dxe5 
17.O-O-O $14 {[%csl Rd6][%cal Gd2e3]} ) 14...dxe5 ( 14...Ndxe5 15.O-O $14 
{[%csl Rd6]} ) 15.Nc4 Qc7 16.Be3 ( 16.Bg3 $5 ) ( 16.Bh6 $5 Bxh6 17.Qxh6 f6
18.Ne3 ) 16...e4 ( 16...Rd8 $142 ) 17.Ng5 Na5 $2 ( 17...Rd8 $1 18.Nxe4 
$140 $6 ( 18.O-O-O $142 ) 18...Nc5 19.Ned6 ( 19.Qxd8+ Nxd8 20.Nxc5 Ne6 $1 
$17 ) 19...Ne4 $1 ( 19...Bxb2 $5 20.Nxb2 Rxd6 21.Qc1 Nd4 22.Bxd4 Rxd4 23.
Qe3 $140 Ne6 $15 ) 20.Bb6 $1 ( 20.Nxe4 Rxd2 21.Nexd2 Nd4 $1 $15 ) 20...
Qxb6 $1 ( 20...Nxd2 21.Bxc7 Nxc4 22.Nxc4 $16 ) 21.Nxb6 ( 21.Nxe4 Qc7 $17 {
[%cal Gc6d4]} ) 21...Nxd2 22.Ndxc8 $1 ( 22.Nbxc8 Bxb2 23.Kxd2 $140 $2 
Raxc8 $19 ) 22...Bxb2 $1 23.Nxa8 ( 23.Rd1 Raxc8 $1 24.Nxc8 Bc3 $1 $19 ) 
23...Bxa1 24.Bxa6 Bc3 $17 ) 18.Nd6 $2 ( 18.Qxb4 Nxc4 19.Qxc4 ( 19.Bxc4 $2 
Rb8 ) 19...Qxc4 20.Bxc4 Bxb2 ( 20...Rb8 $5 21.Rb1 $1 $16 ) 21.Rb1 $16 {
[%csl Ra8,Re4][%cal Gc4d5]} ) 18...Bxb2 19.O-O $8 Bxa1 20.Ndxf7 ( 20.Rxa1 
b3 $1 $17 ( 20...Qc3 21.Qxc3 bxc3 22.Rd1 $44 ) ) 20...Nf6 $2 ( 20...Bc3 $1
$19 21.Bd4 ( 21.Qd5 Bb7 22.Bd4 $1 ( 22.Nh6+ Kh8 23.Nhf7+ Kg7 24.Ne6+ Kxf7 
$19 ) 22...Nf6 {[%cal Rf8f7]} ( 22...Bxd5 $4 23.Nh6# ) 23.Nh6+ ( 23.Bxf6 
Bxf6 24.Nh6+ Kh8 $1 25.Nhf7+ Kg7 $1 26.Ne6+ Kxf7 27.Nxc7+ Bxd5 $19 ) 23...
Kh8 24.Nhf7+ Kg7 25.Ne6+ Kxf7 $19 ) ( 21.Nh6+ Kh8 22.Nhf7+ Kg7 23.Ne6+ 
Kxf7 24.Nxc7 Bxd2 25.Nxa8 Bxe3 26.fxe3+ Kg7 ) 21...Rxf7 $1 ) 21.Nh6+ Kg7 
22.Rxa1 Nc4 $2 ( 22...Qc3 $142 $17 ) 23.Bxc4 Qxc4 24.Qd6 $1 $18 {[%cal 
Rd6e7,Ge3d4] Now White suddenly wins.} 24...Re8 ( 24...Nd5 25.Qe5+ $1 Rf6 
( 25...Nf6 26.Qe7+ ) 26.Nxe4 $18 ) 25.Bd4 $1 Re6 ( 25...Be6 26.Ng4 $1 $18 
) 26.Nxe6+ Qxe6 27.Qf4 {[%csl Rf6][%cal Rh6g4]} 27...Qe7 $8 28.Re1 {[%cal 
Re1e4] ii :e4!} 28...Bd7 ( 28...Bb7 29.Ng4 $18 ) 29.Rxe4 $1 Qf8 30.g4 ( 
30.Qg5 $5 {[%cal Ge4f4] i31.i:f6 i :f632. i e7+-} 30...Re8 31.Rxe8 Bxe8 
32.Bc5 $1 Qh8 33.Be7 Nd7 34.Qf4 $1 $18 ) 30...Bc6 31.Re6 ( 31.g5 $18 ) 
31...Rd8 32.Bxf6+ 1-0

[Event "18th Reykjavik op"]
[Site "Reykjavik ISL"]
[Date "1998.03.17"]
[Round "8.24"]
[White "Palsson, Halldor"]
[Black "Fridjonsson, Julius"]
[Result "0-1"]
[WhiteElo "2145"]
[BlackElo "2215"]
[EventDate "1998.03.10"]
[PlyCount "50"]

1.d4 f5 2.e4 fxe4 3.Nc3 Nf6 4.Bg5 Nc6 5.d5 Ne5 6.Qd4 Nf7 7.Bxf6 exf6 8.
Nxe4 f5 9.Nd2 Be7 10.f4 O-O 11.c3 Bh4+ 12.Kd1 Re8 13.Ngf3 Bf6 14.Qg1 Qe7 
15.Bd3 Qd6 16.Kc2 Qxf4 17.Re1 Rf8 18.Nb3 d6 19.Nfd4 g6 20.g3 Qh6 21.Nb5 c5
22.dxc6 bxc6 23.Nxa7 Ne5 24.Be2 Be6 25.Nd4 Bd5 0-1

[Event "18th Reykjavik op"]
[Site "Reykjavik ISL"]
[Date "1998.03.17"]
[Round "8.25"]
[White "Rasmussen, Rogvi"]
[Black "Gunnarsson, Arnar"]
[Result "1-0"]
[WhiteElo "2115"]
[BlackElo "2195"]
[EventDate "1998.03.10"]
[PlyCount "77"]

1.d4 f5 2.Nf3 Nf6 3.g3 e6 4.Bg2 d5 5.O-O Bd6 6.c4 c6 7.Qc2 O-O 8.b3 Qe7 9.
Ne5 Nbd7 10.Bb2 Ne4 11.f3 Nxe5 12.fxe4 Ng4 13.e5 Bb4 14.Qc1 g5 15.Na3 Qg7 
16.Nc2 Be7 17.Ba3 Bd7 18.Bxe7 Qxe7 19.Qd2 Be8 20.e3 Bg6 21.Bh3 h5 22.Ne1 
Kg7 23.Nd3 Rad8 24.cxd5 cxd5 25.Rac1 Rc8 26.Bxg4 fxg4 27.Rxc8 Rxc8 28.Rf6 
Rf8 29.Rxf8 Qxf8 30.Nc5 Qe7 31.Qc1 b6 32.Na6 Kh6 33.Nc7 Qf7 34.Nb5 Qf3 35.
Nd6 Be4 36.Nxe4 Qxe4 37.Qe1 Qf3 38.a3 Kg6 39.b4 1-0

[Event "18th Reykjavik op"]
[Site "Reykjavik ISL"]
[Date "1998.03.17"]
[Round "8.26"]
[White "Kristjansson, Stefan"]
[Black "Baldursson, Hrannar"]
[Result "1/2-1/2"]
[WhiteElo "2255"]
[BlackElo "2180"]
[EventDate "1998.03.10"]
[PlyCount "74"]

1.e4 c5 2.Nf3 Nc6 3.d4 cxd4 4.Nxd4 Nf6 5.Nc3 d6 6.Be2 g6 7.Be3 Bg7 8.O-O 
O-O 9.a4 Bd7 10.f3 Qb6 11.Ncb5 a6 12.a5 Qd8 13.Nxc6 Bxc6 14.Nd4 Nd7 15.b4 
Ne5 16.f4 Nd7 17.Bf3 e5 18.Nxc6 bxc6 19.Qxd6 exf4 20.Bd4 Bxd4+ 21.Qxd4 Qe7
22.Rad1 Ne5 23.Qd6 Qg5 24.h4 Nxf3+ 25.Rxf3 Qxh4 26.Rxf4 Qh5 27.Rd3 Rad8 
28.Qxd8 Rxd8 29.Rxd8+ Kg7 30.Rd7 Qe2 31.Rfxf7+ Kh6 32.Rxh7+ Kg5 33.Rh3 
Qxe4 34.c3 c5 35.bxc5 Qc6 36.Rg3+ Kf4 37.Rf3+ Kg5 1/2-1/2

[Event "18th Reykjavik op"]
[Site "Reykjavik ISL"]
[Date "1998.03.17"]
[Round "8.27"]
[White "Lehikoinen, Pertti"]
[Black "Petermann, Hubert"]
[Result "0-1"]
[WhiteElo "2250"]
[BlackElo "2125"]
[EventDate "1998.03.10"]
[PlyCount "58"]

1.d4 Nf6 2.c4 g6 3.Nc3 Bg7 4.e4 O-O 5.Be3 d6 6.f3 Nc6 7.Nge2 e5 8.d5 Ne7 
9.Qd2 Ne8 10.g4 f5 11.h3 a6 12.O-O-O b5 13.cxb5 axb5 14.Nxb5 Rxa2 15.Kb1 
Ra8 16.Rc1 fxe4 17.fxe4 Bd7 18.Nxc7 Nxc7 19.Bb6 Qb8 20.Bxc7 Qa7 21.Qb4 
Qa2+ 22.Kc2 Ba4+ 23.Kd3 Rf3+ 24.Kd2 Bh6+ 25.Ke1 Bxc1 26.Nxc1 Qb1 27.Ke2 
Qxc1 28.Kxf3 Rf8+ 29.Kg2 Qc2+ 0-1

[Event "18th Reykjavik op"]
[Site "Reykjavik ISL"]
[Date "1998.03.17"]
[Round "8.28"]
[White "Olafsson, Thorvardur"]
[Black "Briem, Stefan"]
[Result "1/2-1/2"]
[WhiteElo "2015"]
[BlackElo "2185"]
[EventDate "1998.03.10"]
[PlyCount "165"]

1.e4 e5 2.Nf3 Nc6 3.Bb5 g6 4.c3 Bg7 5.d4 exd4 6.cxd4 Nge7 7.Nc3 O-O 8.O-O 
d6 9.h3 a6 10.Ba4 b5 11.Bc2 Bb7 12.Bg5 f6 13.Be3 Na5 14.Qe2 Nc4 15.Bb3 d5 
16.exd5 Nd6 17.Bf4 Nec8 18.Rfe1 Re8 19.Qd3 Kh8 20.Rxe8+ Qxe8 21.Re1 Qf8 
22.Bxd6 Nxd6 23.Ne4 Re8 24.Nc5 Rxe1+ 25.Nxe1 Qe7 26.Qe3 Qxe3 27.fxe3 a5 
28.a3 a4 29.Ba2 Bc8 30.Ne6 Bxe6 31.dxe6 Bf8 32.Nd3 Kg7 33.Nb4 Nf5 34.Nc6 
Bd6 35.e4 Ne7 36.Na7 c6 37.Kf1 Bb8 38.d5 Bxa7 39.d6 Bc5 40.dxe7 Bxe7 41.
Ke2 Kf8 42.Kd3 Bc5 43.Kc3 Ke7 44.Kd3 Kd6 45.g4 Ke5 46.e7 Bxe7 47.Bg8 h6 
48.Bf7 g5 49.Be8 Kd6 50.Kd4 Bd8 51.Kd3 Kc5 52.Kc2 Bc7 53.Bd7 Be5 54.Be8 
Kb6 55.Bd7 c5 56.Be8 Ka5 57.Bd7 b4 58.Be6 Kb5 59.Bf7 bxa3 60.bxa3 c4 61.
Be8+ Kc5 62.Bxa4 Kd4 63.Bc6 Bc7 64.a4 Ba5 65.Bd5 c3 66.Bc6 Ke3 67.Bd5 Kf4 
68.Kd3 Kg3 69.Bb3 Kxh3 70.Bd1 Kg3 71.Be2 Kf4 72.Bd1 c2 73.Kxc2 Kxe4 74.Be2
Kf4 75.Kd3 Bd8 76.Kd2 Bb6 77.Ke1 Kg3 78.Kf1 Ba5 79.Bd1 Bb4 80.Be2 Bd2 81.
Bd1 Bc3 82.Ke2 Ba5 83.Ke3 1/2-1/2

[Event "18th Reykjavik op"]
[Site "Reykjavik ISL"]
[Date "1998.03.17"]
[Round "8.29"]
[White "Wiese, Hans Joachim"]
[Black "Ragnarsson, Johann"]
[Result "1/2-1/2"]
[WhiteElo "2165"]
[BlackElo "2110"]
[EventDate "1998.03.10"]
[PlyCount "114"]

1.e4 c6 2.d4 d5 3.f3 dxe4 4.fxe4 e5 5.Nf3 Be6 6.Bd3 exd4 7.O-O h6 8.Nbd2 
c5 9.Bc4 Qd7 10.Ne5 Qc7 11.Bxe6 Qxe5 12.Bxf7+ Kd8 13.Nc4 Qe7 14.Bxg8 Rxg8 
15.e5 Qe6 16.Nd6 Bxd6 17.exd6 Qxd6 18.Bf4 Qd5 19.Bxb8 Rxb8 20.Qg4 Rc8 21.
Rf5 Qe6 22.Raf1 Qe3+ 23.Kh1 Kc7 24.h3 Kb8 25.Rf7 g5 26.Qd7 Qe4 27.Re7 Qc6 
28.Rff7 Qxd7 29.Rxd7 Rc6 30.Rxb7+ Kc8 31.Rxa7 Kb8 32.b3 Rd8 33.Rae7 c4 34.
bxc4 Rxc4 35.Rf2 Ra4 36.Rd2 Rxa2 37.Re4 Kc7 38.Re6 h5 39.Re5 g4 40.Kh2 Ra3
41.Rg5 gxh3 42.gxh3 Rc3 43.Rxh5 d3 44.cxd3 Rd4 45.Re5 Rdxd3 46.Rxd3 Rxd3 
47.h4 Kd6 48.Re8 Kd7 49.Re4 Ra3 50.Kg2 Rb3 51.h5 Rb5 52.Rh4 Ke7 53.h6 Rb8 
54.Ra4 Kf7 55.Ra6 Kg8 56.Kf3 Kh7 57.Re6 Rg8 1/2-1/2

[Event "18th Reykjavik op"]
[Site "Reykjavik ISL"]
[Date "1998.03.17"]
[Round "8.30"]
[White "Leosson, Torfi"]
[Black "Asgeirsson, Heimir"]
[Result "1-0"]
[WhiteElo "2160"]
[BlackElo "2140"]
[EventDate "1998.03.10"]
[PlyCount "85"]

1.e4 {Hecht} 1...c5 2.Nf3 Nc6 3.d4 cxd4 4.Nxd4 Nf6 5.Nc3 e5 6.Nf5 d5 7.
exd5 Bxf5 8.dxc6 bxc6 9.Qf3 Qc8 ( 9...Qd7 10.Bg5 Bb4 11.Bxf6 gxf6 12.Bd3 
Bxc3+ 13.bxc3 Bxd3 14.cxd3 Qe6 15.O-O O-O 16.Rae1 Kh8 17.Re4 f5 18.Rh4 
Rad8 19.Qh3 Qg6 20.f4 f6 21.Rf3 Rb8 22.Rf1 Rb2 23.Kh1 Rxa2 24.Rh6 Qg7 25.
fxe5 fxe5 26.Rxc6 Rg8 27.Rg1 a5 28.Qf3 a4 29.Ra6 a3 30.Qd5 Rd2 31.Rxa3 e4 
32.Ra8 Qxg2+ $1 {Sax- Fedorowicz, Dubai olm,1986,0-1} ) 10.Ba6 ( 10.Bc4 
Be7 11.O-O O-O 12.Re1 e4 13.Qg3 $13 {Gorbatov-Gershov,Moscow -ch op 1995} 
) 10...Qxa6 ( 10...Bg4 11.Qxf6 gxf6 12.Bxc8 Rxc8 13.Ne4 Be7 14.O-O Rg8 15.
Re1 Rd8 16.Re3 $4 Rd1+ 17.Re1 Rxe1# {Elias-Bravo, Wch JM-U12 , 
St.Lorenzo,1995} ) 11.Qxf5 Bb4 $2 ( 11...Bd6 12.Bh6 $1 O-O 13.Bxg7 Kxg7 
14.Qg5+ Kh8 15.Qxf6+ $18 ) ( 11...Nd7 12.Be3 g6 ( 12...Rb8 13.O-O-O Qb7 
14.Rxd7 $1 ) ( 12...Be7 13.O-O-O Rd8 14.Rd3 g6 15.Qh3 f5 16.Rhd1 $14 ) 13.
Qf3 Rb8 14.O-O-O Qb7 $132 ) 12.Qxe5+ Kf8 13.Qe2 ( 13.Be3 Re8 14.Qd4 Nd5 ) 
13...Re8 14.Be3 Qa5 15.Qc4 Bxc3+ ( 15...Nd5 16.O-O Nxc3 17.bxc3 Bxc3 18.
Rad1 $16 ) 16.bxc3 Nd5 17.O-O Nxe3 ( 17...Qxc3 18.Qxc3 Nxc3 19.Bxa7 $16 
Ra8 20.Bc5+ ) ( 17...Nxc3 18.Bd2 Ne2+ 19.Qxe2 $18 ) 18.fxe3 $32 Qc7 ( 
18...Qd5 19.Qd4 ( 19.Qxd5 cxd5 20.Rad1 Rxe3 21.Rxd5 Ke7 ) ( 19.Qf4 $5 ) ) 
19.Rxf7+ ( 19.Rad1 g6 20.Rf6 Kg7 21.Rdf1 Re7 22.Qd4 $16 ) ( 19.Rf3 f6 20.
Rd1 $16 {With the idea e4,Rfd3,Rd7} ) 19...Qxf7 20.Rf1 Qxf1+ 21.Kxf1 {
[%csl Ra7,Rc6] [#] Hecht: Poor coordination of the black rooks magnified 
by the poor black king position. In addition, the pawn weaknesses of the 
queenside. White wins through the consistent infiltration of his king. [#]
Hecht: Schlechte Koordination der schwarzen Tuerme bedingt durch die 
schlechte schwarze K@warze nigsstellung. Dazu kommen die Bauernschwaechen 
am Damenfluegel. Wei@fluegel. gewinnt durch konsequenten Einsatz seines 
K@nes nigs.} 21...Re7 22.Ke2 ( 22.Qxc6 ) 22...h5 23.Qf4+ Kg8 24.Qd6 Kf7 
25.Qxc6 Rhe8 26.Qf3+ Kg8 27.Qd5+ Kf8 28.Qc5 Kg8 29.c4 g6 30.Qd4 Kh7 31.Kd3
Kg8 32.c5 Re6 33.Qd5 Kf7 34.c6 Re7 35.Kd4 Kf6 36.e4 Rc7 37.e5+ Kf7 38.Kc5 
a6 ( 38...Re7 $142 ) 39.Kb6 $18 Re7 40.Kxa6 Kg7 41.Kb6 Rxe5 42.Qd4 Kh7 43.
Qxe5 1-0

[Event "18th Reykjavik op"]
[Site "Reykjavik ISL"]
[Date "1998.03.17"]
[Round "8.31"]
[White "Kjartansson, David"]
[Black "Schubert, Hans Joachim"]
[Result "1-0"]
[WhiteElo "2100"]
[BlackElo "2070"]
[EventDate "1998.03.10"]
[PlyCount "107"]

1.d4 f5 2.e3 e6 3.Bd3 Nf6 4.Nd2 Be7 5.b3 b6 6.Bb2 Bb7 7.f3 Nd5 8.Nf1 Bb4+ 
9.Kf2 f4 10.exf4 Nxf4 11.Ne2 Qh4+ 12.g3 Nh3+ 13.Kg2 Qh5 14.Ng1 O-O 15.Be2 
Nxg1 16.Rxg1 Nc6 17.a3 Bd6 18.Nd2 Ne7 19.Ne4 Nf5 20.Qd3 Be7 21.Rae1 Rf7 
22.Kh1 Qg6 23.Bf1 Raf8 24.Bg2 Nd6 25.f4 Nxe4 26.Bxe4 Bxe4+ 27.Qxe4 Qxe4+ 
28.Rxe4 Bd6 29.Re2 a5 30.a4 h6 31.Bc1 Kh7 32.Kg2 Kg6 33.Be3 Rb8 34.c4 c5 
35.Rd1 Bf8 36.Bf2 Kh7 37.Re5 Bd6 38.Re4 Rc8 39.Be1 Bf8 40.Bc3 Kg6 41.h4 
Rc6 42.d5 exd5 43.Rxd5 Rc7 44.Re8 Rb7 45.Be5 Be7 46.h5+ Kh7 47.Kf3 Bf8 48.
g4 Be7 49.Ke4 Bh4 50.Bd6 Rf6 51.Be5 Rf7 52.Rd6 Be7 53.Rg6 ( 53.Rxh6+ $1 ) 
53...Bh4 54.Rxh6+ ( 54.Rxh6+ Kxh6 55.Rh8# ) 1-0

[Event "18th Reykjavik op"]
[Site "Reykjavik ISL"]
[Date "1998.03.17"]
[Round "8.33"]
[White "Steindorsson, Sigurdur Pall"]
[Black "Valgardsson, Gudjon Heidar"]
[Result "1-0"]
[WhiteElo "2027"]
[BlackElo "2114"]
[EventDate "1998.03.10"]
[PlyCount "155"]

1.c4 c5 2.Nf3 g6 3.g3 Bg7 4.Bg2 e6 5.Nc3 Ne7 6.d4 cxd4 7.Nxd4 d5 8.cxd5 
Nxd5 9.O-O O-O 10.e4 Ne7 11.Ndb5 Bd7 12.Bg5 h6 13.Bxe7 Qxe7 14.Nc7 Ba4 15.
Qxa4 Qxc7 16.Rac1 Nc6 17.b4 Qe7 18.b5 Nd4 19.e5 Bxe5 20.Rfe1 Bg7 21.Nd5 
Qd7 22.Rc7 Qxb5 23.Ne7+ Kh7 24.Qxb5 Nxb5 25.Rxb7 Rab8 26.Rxb8 Rxb8 27.Rb1 
Re8 28.Nc6 a6 29.a4 Nc3 30.Rb7 Nxa4 31.Rxf7 Kg8 32.Ra7 Nc5 33.Bf1 Bf8 34.
Bxa6 Ne4 35.Bd3 Bc5 36.Bxe4 Bxa7 37.Nxa7 Kg7 38.Nc6 Kf6 39.Kg2 g5 40.g4 
Ra8 41.f3 Ra1 42.Nb4 e5 43.Nc2 Rb1 44.Ne3 Ra1 45.Nf5 Ra2+ 46.Kg3 Kg6 47.
Nd6+ Kf6 48.Bf5 Ra3 49.Nc4 Rc3 50.Nb6 Kg7 51.Nd7 Ra3 52.Nxe5 h5 53.h4 
gxh4+ 54.Kxh4 Kf6 55.Nd7+ Kg7 56.Kxh5 Rxf3 57.Kg5 Rf1 58.Nf6 Rg1 59.Nh5+ 
Kg8 60.Kg6 Ra1 61.Nf4 Ra7 62.Ne6 Kh8 63.g5 Rf7 64.Nf4 Rg7+ 65.Kf6 Rf7+ 66.
Ke6 Ra7 67.g6 Ra6+ 68.Kf7 Ra7+ 69.Kf6 Rf7+ 70.Kg5 Ra7 71.Be6 Kg7 72.Nh5+ 
Kh8 73.Kf6 Ra8 74.g7+ Kh7 75.Nf4 Kh6 76.Ng6 Kh7 77.Nf8+ Rxf8+ 78.gxf8=R 
1-0

[Event "18th Reykjavik op"]
[Site "Reykjavik ISL"]
[Date "1998.03.18"]
[Round "9.1"]
[White "Sokolov, Ivan"]
[Black "Christiansen, Larry"]
[Result "1/2-1/2"]
[WhiteElo "2625"]
[BlackElo "2575"]
[EventDate "1998.03.10"]
[PlyCount "103"]

1.d4 e6 2.c4 Nf6 3.Nc3 Bb4 4.e3 O-O 5.Bd3 c5 6.Nf3 d5 7.O-O dxc4 8.Bxc4 
cxd4 9.exd4 a6 {Not bad alternative to "normal" 9....b6} 10.Bg5 ( 10.a4 $5
) 10...b5 11.Bd3 ( 11.Bb3 Bb7 12.Rc1 ( 12.Qe2 Bxc3 13.bxc3 Nbd7 14.Ne5 Qc7
15.Nxd7 Nxd7 16.Rac1 h6 17.Bd2 Nf6 18.Rfe1 Qc6 19.f3 Rad8 $11 {1-0 
Sadler,M-Emms,J/BCF-ch plof Hove 1997 (69)} ) 12...Nbd7 13.d5 Bxc3 14.Rxc3
Bxd5 15.Bxd5 exd5 16.Nd4 Qb6 17.Rc6 Qb8 18.Re1 Re8 19.Nf5 Rxe1+ 20.Qxe1 
Qe5 21.Qxe5 Nxe5 22.Rc7 Ne8 23.Rb7 Nc4 24.Ne7+ {E-E Hracek,Z-Dautov,R/BL 
1997} ) 11...Bb7 ( 11...Be7 12.Qe2 Bb7 13.a4 b4 14.Ne4 Nxe4 15.Bxe4 Bxe4 
16.Qxe4 Nd7 17.Bxe7 Qxe7 18.Rfc1 Nf6 $11 {E-E Lesiege,A-Ashley,M/Bermuda 
1997 (30)} ) 12.Rc1 ( 12.Ne4 Nbd7 13.Rc1 Be7 14.Nc5 Bd5 15.a3 Ra7 16.Re1 
Qa8 17.Nxd7 Rxd7 18.Ne5 Ra7 19.f3 Rd8 20.Bb1 Ne8 $13 {E-E 
Fedorov,V-Kharitonov,A/Moscow op 1998 (31)} ) ( 12.Qe2 Nbd7 13.Rfd1 Be7 
14.Ne5 Nd5 15.Bxe7 ( 15.Bd2 Nxc3 16.bxc3 Nxe5 17.Qxe5 Bf6 18.Qg3 Bd5 19.
Re1 Qd7 20.Qg4 Rfc8 $15 {0-1 Sigurjonsson,G-Larsen,B/Geneve 1977 (40)} ) 
15...Qxe7 16.Nxd5 Bxd5 17.Be4 Nf6 18.Bxd5 Nxd5 19.Rac1 Rac8 20.Rc5 Qg5 $11
{E-E Zsinka,L-Arkhipov,S/HUN-BL 1992 (25)} ) ( 12.Re1 Be7 ( 12...Nbd7 13.
Rc1 Rc8 14.a3 Bxc3 15.bxc3 h6 16.Bh4 Qa5 $15 {0-1 
Acs,P-Atalik,S/Budapest-2 GM 1998 (42)} ) 13.Rc1 Nbd7 14.Ne5 Nxe5 15.dxe5 
Nd5 16.Bxe7 Qxe7 {E-E Podgaets,M-Deuch,Y/URS Army-ch Odessa 1991} ) 12...
Nbd7 13.Bb1 {N/} ( 13.Qe2 h6 14.Bh4 Be7 15.Ne5 Nd5 16.Bxe7 Qxe7 17.Nxd5 
Bxd5 18.Rc7 Rad8 19.b3 Qd6 20.Rfc1 Nf6 $11 {1-0 Ostenstad,B-Bator,R/Oslo 
1985 (62)} ) 13...Rc8 14.Re1 Be7 15.a3 Re8 {[%cal Gd7f8]} ( 15...Nd5 16.
Qd3 g6 17.Bh6 Re8 $13 ) 16.Qd3 Nf8 17.Rcd1 Qb6 ( 17...Ng6 $5 ) 18.h4 Rcd8 
( 18...Nd5 19.Ne4 Ng6 20.g3 $13 {[%cal Gh4h5]} ( 20.h5 $2 Ndf4 21.Qe3 Nxh5
$17 ) ) 19.Ne5 Rd6 {[%csl Rd4][%cal Ge8d8]} 20.Be3 $5 {[%cal Gd4d5]} 20...
Bd5 ( 20...Nd5 $5 21.Ne4 Rdd8 $11 ) 21.Qe2 Qb7 ( 21...Ba8 $5 {[%cal Gb6b7]
} ) 22.Nxd5 Nxd5 23.Qh5 Bf6 ( 23...g6 24.Qh6 Bf6 $11 ) 24.Be4 Qe7 25.Bg5 
$1 {Sokolov improved his position in last ten move, and Black must to play
very carefully now.} 25...Ng6 ( 25...Bxg5 26.hxg5 Nf4 27.Qg4 N4g6 28.b4 
$14 ) 26.g3 Qa7 27.Qf3 {[%cal Ge4d5]} 27...Bxg5 ( 27...Rc8 28.Bxd5 Bxg5 
29.Bb7 Rc7 ( 29...Nxe5 30.dxe5 Rxd1 31.Rxd1 Rc1 32.hxg5 $18 ) 30.Bxa6 $1 
Bxh4 31.Bxb5 $16 ) 28.hxg5 Red8 29.Kg2 Ndf4+ $5 30.Kf1 ( 30.gxf4 $4 Nh4+ 
$19 ) 30...Nd5 31.Rc1 Rf8 32.Red1 Nde7 33.Qc3 Qb8 ( 33...Rc8 $5 ) 34.Nf3 
b4 ( 34...Rc8 35.Qa5 $1 ) 35.Qxb4 Qxb4 36.axb4 Rb6 37.Rc4 Rfb8 38.Ra1 {
[%cal Ga1a4]} 38...f5 39.gxf6 gxf6 40.b5 ( 40.Ra4 f5 41.Bb1 Nd5 {[%csl 
Rb4]} ) 40...f5 41.Bc2 axb5 42.Rc5 Rd8 43.Bb3 Kg7 44.Ra7 Kf6 45.Ke2 Rdd6 
46.Ra5 Nc6 47.Raxb5 Rxb5 48.Rxb5 Rxd4 49.Rb6 Re4+ 50.Kf1 Nge7 51.Kg2 Rb4 
52.Rxb4 1/2-1/2

[Event "18th Reykjavik op"]
[Site "Reykjavik ISL"]
[Date "1998.03.18"]
[Round "9.2"]
[White "Rausis, Igors"]
[Black "De Firmian, Nick"]
[Result "1/2-1/2"]
[WhiteElo "2520"]
[BlackElo "2590"]
[EventDate "1998.03.10"]
[PlyCount "27"]

1.e4 c5 2.Nf3 d6 3.d4 cxd4 4.Nxd4 Nf6 5.Nc3 a6 6.Be2 e5 7.Nb3 Be7 8.O-O 
O-O 9.Kh1 b6 10.Be3 Bb7 11.f3 b5 12.a4 b4 13.Nd5 Nxd5 14.exd5 1/2-1/2